000 00614nam a22001937a 4500
003 OSt
005 20260508043627.0
008 260430b |||||||| |||| 00| 0 eng d
020 _a978-971-06-2916-9
040 _aDWCL-Main Lib
_cOC
082 _22nd ed.
_aRes. 899.211 B163 2009
100 _aBaisa-Julian, Ailene G.
245 _aPluma I :
_bwika at panitikan para sa mataas na paaralan /
_cBaisa-Julian, Ailene G.
260 _aQuezon City :
_bPhoenix Pub.,
_cc2009.
300 _ax , 518 p. :
_bill. ;
_c26 cm.
700 _aDayag, Alma M.
710 _eEditor
942 _2ddc
_cBK-0 CIRC
_mRes.
_n0
_e2nd ed.
999 _c10109
_d10109